000 00476nam a2200181Ia 4500
008 240925s9999 xx 000 0 und d
020 _a9789332505742
082 _a621.3822 OPP
100 _aOppenheim, Alam V.
245 0 _aDiscrete Time Signal Processing
250 _a3rd
260 _aNew Delhi:
_bPearson Education
_c,2013.
300 _a628p.
_b0
_fOriginal
500 _aIncludes Index
600 _aElectronic Engineering
650 _aTechnology
942 _cBK
999 _c12821
_d12821